LEADER 01100oam 2200277z- 450 001 9910689860603321 005 20161209105018.0 035 $a(CKB)5470000000935228 035 $a(WsH)cbhfdsohenhnq 035 $a(BIP)012480590 035 $a(EXLCZ)995470000000935228 100 $a20211006c2005uuuu -u- - 101 0 $aeng 200 10$aDepartment of Veterans Affairs role in the future of electronic health records $ehearing before the Subcommittee [on] Oversight and Investigations of the Committee on Veterans' Affairs, House of Representatives, One Hundred Eighth Congress, second session, May 19, 2004 215 $a1 online resource (iii, 76 p.) 311 $a0-16-074425-3 517 $aDepartment of Veterans Affairs role in the future of electronic health records 606 $aMedical records$zUnited States 610 $aMedical records 610 $aVeterans 610 $aMedical 615 0$aMedical records 906 $aBOOK 912 $a9910689860603321 996 $aDepartment of Veterans Affairs role in the future of electronic health records$93140488 997 $aUNINA LEADER 01488oas 2200469 a 450 001 9910891387403321 005 20260218112120.0 035 $a(DE-599)ZDB2497385-3 035 $a(OCoLC)1083594283 035 $a(CONSER)cn2011702075 035 $a(CKB)2560000000074484 035 $a(DE-599)2497385-3 035 $a(EXLCZ)992560000000074484 100 $a20110111a19969999 ua b 101 0 $afre 135 $aurcn||||||||| 181 $ctxt$2rdacontent/fre 182 $cc$2rdamedia/fre 200 10$aLoi sur la protection d'espe?ces animales ou ve?ge?tales sauvages et la re?glementation de leur commerce international et interprovincial $erapport 210 $a[Gatineau, Que?bec] $cEnvironnement Canada 300 $aDiffuse? par le Programme des services de de?po?t du Gouvernement du Canada. 300 $aVariantes dans le sous-titre. 311 08$a1926-1896 608 $aPeriodicals.$2fast 676 $a346.7104 686 $acci1icc$2lacc 686 $acoll11$2lacc 686 $acoll14$2lacc 686 $acoll29$2lacc 686 $acoll108$2lacc 801 0$bNLC 801 1$bNLC 801 2$bOCLCO 801 2$bOCLCF 801 2$bOCLCQ 801 2$bOCLCO 801 2$bOCLCQ 801 2$bNLC 906 $aJOURNAL 912 $a9910891387403321 996 $aLoi sur la protection d'espèces animales ou végétales sauvages et la réglementation de leur commerce international et interprovincial$94234980 997 $aUNINA